=LDR 00000nam 2200000 4500 =001 INLIS000000000015786 =005 20130612111048 =008 ***********************************Ind** =035 ##$$0010-061300000015786 =041 ##$$a Ind =082 ##$$a 2x1.5 =090 ##$$a 2x1.5, Sum p =100 ##$$a Sumabrata, Lukman Abdul Qohar =245 ##$$a Pengantar Fenomenologi Al-Qur'an, Dimensi keilmuan da Balik Mushat Usmani, Lukman Abdul Qohar Sumabrata =260 ##$$a 1991 $b Jakarta =300 ##$$a hlm.5-184, 20cm =650 ##$$a Al-Qur'an-Komentar =700 ##$$a Dr.Lukman Saksono =850 ##$$a NBPNMAT